Her Loss - 21 Savage & Drake - Statistics

General Stats
  • This quiz has been taken 40 times
  • The average score is 9 of 16
Answer Stats
Songs Plays Artists % Correct
Rich Flex 947,274,387 21 Savage, Drake
89%
Pussy & Millions 335,455,103 21 Savage, Drake, Travis Scott
75%
Hours In Silence 235,598,432 21 Savage, Drake
64%
Major Distribution 231,978,498 21 Savage, Drake
64%
On BS 312,273,109 21 Savage, Drake
64%
Spin Bout U 479,085,198 21 Savage, Drake
64%
Circo Loco 248,992,849 21 Savage, Drake
61%
Broke Boys 173,207,865 21 Savage, Drake
57%
Middle of the Ocean 96,385,973 Drake
50%
I Guess it's Fuck Me 78,647,976 Drake
46%
Privileged Rappers 215,247,027 21 Savage, Drake
46%
BackOutsideBoyz 143,758,891 Drake
43%
Jumbotron Shit Poppin 158,482,606 Drake
43%
More M's 118,269,135 21 Savage, Drake
43%
3AM on Glenwood 50,895,898 21 Savage, Drake
36%
Treacherous Twin 101,686,729 21 Savage, Drake
32%
No matching quizzes found
Score Distribution
Percent of People with Each Score
Percentile by Number Answered
Your Score History
You have not taken this quiz